Responses for Show #4007 - Tuesday, January 22, 2002

Contestants

[<< previous game]

Kristin Culkowski, an information technology from Syracuse, New York

Brooks Moore, an emergency medicine resident from Avondale Estates, Georgia

Roger Werries, a computer forensics instructor from Bowie, Maryland (whose 1-day cash winnings total $7,740)

[next game >>]

Jeopardy! Round responses

THAT'S INVENTIVE!
FOOD FOR THOUGHT
PAXTON OR PULLMAN?
WORLD FLAGS
LIGHTNING SAFETY
ACRONYMS
    $200 23
a trampoline

Roger
    $200 2
bread

Kristin
    $200 14
Independence Day

Kristin
    $200 1
Ireland

Brooks
    $200 12
golf

Roger
    $200 6
personal identification number

Brooks
    $400 25
Jacques Cousteau

Kristin
    $400 17
almonds

Kristin
    $400 15
Apollo 13

Brooks
    $400 3
(Brooks: What is El Salvador?)

Honduras

RogerBrooks
    $400 13
a thunderclap

Kristin
    $400 7
(Brooks: What is adjusted-rate mortgage?)
...
(Alex: They don't let you adjust your own rate, Brooks. Sorry about that. I wish it were so, though.)

adjustable-rate mortgage

RogerBrooks
    $600 26
Edison

Brooks
    $600 20
spaghetti squash

Kristin
    $600 16
While You Were Sleeping

Roger
    $600 4
Finland

Roger
    $600 24
CPR

Brooks
    $600 9
the Women's Army Corps

Roger
    $2,000 27
(Brooks: Who is Morse?)

Marconi

Brooks
    $800 21
clams

Triple Stumper
    $800 18
Cameron

Kristin
    $800 5
Vatican City

Brooks
    $800 29
surge

Brooks
    $800 10
the Federal Emergency Management Agency

Roger
    $1000 28
Volta

Brooks
    $1000 22
Vichyssoise

Brooks
    $1000 19
(Kristin: [*]... what is [*]?)

Spaceballs

Kristin
    $1000 8
Liberia

Roger
    $1000 30
Florida

Brooks
    $1000 11
read-only memory

Roger

Scores at the first commercial break (after clue 15):

Roger Brooks Kristin
$5,000 $800 $800

Scores at the end of the Jeopardy! Round:

Roger Brooks Kristin
$5,800 $3,800 $4,000

Double Jeopardy! Round responses

EARLY AMERICAN HISTORY
PARDON MY FRENCH
TV SITCOM THEME SONGS
AFRICAN MAMMALS
GREETINGS
SALYUT STATIONS
    $400 6
Lewis and Clark

Kristin
    $400 27
French Fries

Brooks
    $400 1
Cheers

Kristin
    $400 16
a hippopotamus

Kristin
    $400 11
howdy

Roger
    $400 24
film

Roger
    $800 7
(Alexander) Hamilton

Roger
    $800 26
the Huguenots

Kristin
    $800 2
Married... With Children

Kristin
    $800 17
(Brooks: What is a wildebeest?)

a buffalo

RogerBrooks
    $800 12
buenos dias

Kristin
    $800 25
(Alex: Minute to go now.)

walk in space

Brooks
    $1200 8
(Brooks: What is 1621?)
...
(Alex: Brooks, you were off by a year--[*].)

1620

Brooks
Triple Stumper
    $1200 22
Candide

Kristin
    $1200 3
Designing Women

Brooks
    $1200 18
bull (for males) & cow (females)

Triple Stumper
    $2,000 13
Willkommen

Kristin
    $1200 30
Mir

Brooks
    $1600 9
the Stamp Act

Brooks
    $1600 23
the French-Indian War

Roger
    $1600 4
(Kristin: What is The Love Boat?)

The Mary Tyler Moore Show

Kristin
Triple Stumper
    $1600 19
an aardvark

Kristin
    $1600 14
(Alex: Sorry, Roger, not quickly enough!)

Ciao

Triple Stumper
    $1,000 29
Skylab

Brooks
    $2000 10
Awakening

Brooks
    $2000 20
(Kristin: What is "Desire"?)

Le Vieux Carre

Kristin
Triple Stumper
    $2000 5
(Roger: What is Family Ties?)

Growing Pains

RogerBrooks
    $2000 21
a mandrill

Triple Stumper
    $2000 15
Konnichiwa

Brooks
    $2000 28
the Soyuz Spacecraft

Triple Stumper

Scores at the end of the Double Jeopardy! Round:

Roger Brooks Kristin
$7,800 $14,000 $8,800

[wagering suggestions for these scores]

Final Jeopardy! Round responses

FIRST LADIES
RogerWho is Jackie Kennedy?
$7,760
KristinWho is Jackie Kennedy Onassis?
$6,000
BrooksWho is Kennedy-Onassis?
$3,601
(1 of) Jackie Kennedy & Mrs. Taft

Final scores:

Roger Brooks Kristin
$15,560 $17,601 $14,800
2nd place: A six-night stay for two at St. Peter Hotel in Austria New champion: $17,601 3rd place: Trip for two to the luxurious La Costa Resort and Spa north of San Diego

Game dynamics:

Coryat scores:

Roger Brooks Kristin
$7,800 $16,600 $8,000
15 R,
1 W
19 R
(including 1 DD),
5 W
(including 1 DD)
17 R
(including 1 DD),
2 W

Combined Coryat: $32,400

[game clues] [game scores] [suggest correction]

Game tape date: 2001-11-06
The J! Archive is created by fans, for fans. Scraping, republication, monetization, and malicious use prohibited; this site may use cookies and collect identifying information. See terms. The Jeopardy! game show and all elements thereof, including but not limited to copyright and trademark thereto, are the property of Jeopardy Productions, Inc. and are protected under law. This website is not affiliated with, sponsored by, or operated by Jeopardy Productions, Inc. Join the discussion at JBoard.tv.